| 000 | 00574cam a22001811 4500 | ||
|---|---|---|---|
| 082 |
_a624.1834 _bTUR _cL-19, P-43 |
||
| 100 | 1 |
_aTurner, Leslie. _943174 |
|
| 245 | 1 | 0 |
_aConcrete construction made easy, _cby Leslie Turner and Albert Lakeman. |
| 250 | _a[3d, rev. ed., reprinted] | ||
| 260 |
_aLondon, _bConcrete Publications _c[1958] |
||
| 300 |
_a113 p. _billus. _c23 cm. |
||
| 490 | 1 | _aThe Concrete series | |
| 526 |
_a0 _b0 _c0 _d624_183400000000000_TUR |
||
| 650 | 0 | _aConcrete construction. | |
| 650 | 0 |
_aMCE _9379 |
|
| 700 | 1 |
_aLakeman, Albert, _943175 |
|
| 942 |
_2ddc _cBK |
||
| 999 |
_c546965 _d546965 |
||